| 000 | 01030nam a2200265 c 4500 | ||
|---|---|---|---|
| 999 |
_c377109 _d377109 |
||
| 003 | BLK | ||
| 005 | 20241025005440.0 | ||
| 008 | 200311b bul|||||r ||||||| ||bul|| | ||
| 040 | _aBLK | ||
| 041 |
_aRUS _cRUS |
||
| 080 |
_aБългарска литература _b821.163.2 _x-32 _z821.163.2-32 |
||
| 100 |
_aЙовков, Йордан Стефанов _d1880-1937 _gПисател класик - белетрист, драматург, майстор на късия разказ _9363298 |
||
| 139 | _aЙовков, Йордан | ||
| 245 | 1 | 0 |
_aИзбранные рассказы _cЙордан Йовков; пер. с болг.; с предг. от Петър Пондев. |
| 257 | _aBGR | ||
| 260 |
_aСофия _bБолг. писатель _c1958 |
||
| 300 |
_a320 с. _c18 см |
||
| 380 | _aX | ||
| 700 | 1 |
_aПондев, Петър _eс предг. от _9420664 |
|
| 852 |
_aЦб І 2328 _bЦб |
||
| 856 | 4 |
_qpdf _u |
|
| 856 | 4 |
_qpdf _u |
|
| 942 |
_cKNG _n0 _s1 |
||
| 944 |
_aCR _c2020-07-27 _k _lCRON CRON |
||